000 01996cam a2200553 i 4500
001 19703
003 KOSZ 005
005 20250626063633.0
008 250602s1980 pl a f 001 0 pol
015 _aUWD 1980/9683
020 _z8310009764
035 _a991013562339705066
035 _a(PL-WaBN)b13652801-48omnis_nlop
035 _ab13652801
035 _a(OCoLC)749547912
035 _azz2004854372
035 _a(PL)b0000001365280
035 _a(EXLNZ-48OMNIS_NETWORK)9910464955805606
040 _aWA N
_cWA N
_dKOSZ 005/RW
046 _k1977
080 _a519.863
245 0 0 _aTeoria i metody obliczeniowe optymalizacji /
_cWładysław Findeisen, Jacek Szymanowski, Andrzej Wierzbicki.
250 _aWydanie 2 poprawione.
260 _aWarszawa :
_bPaństwowe Wydawnictwo Naukowe,
_c1980.
300 _a708 stron, [1] karta tablic :
_bilustracje, tabele, wykresy ;
_c21 cm.
336 _aTekst
_btxt
_2rdacontent
337 _aBez urządzenia pośredniczącego
_bn
_2rdamedia
338 _aWolumin
_bnc
_2rdacarrier
380 _aKsiążki
380 _aPublikacje naukowe
388 1 _a1901-2000
388 1 _a1945-1989
490 1 _aBNI Biblioteka Naukowa Inżyniera
500 _a(Biblioteka Naukowa Inżyniera).
504 _aBibliografia na stronach [336]-339 oraz [700]-704. Indeks.
650 7 _aBadania operacyjne
_2DBN
650 7 _aOptymalizacja
_2DBN
650 7 _aZastosowanie i wykorzystanie
_2DBN
655 7 _aOpracowanie
658 _aMatematyka
700 1 _aFindeisen, Władysław
_d(1926-2023)
_eAutor
700 1 _aSzymanowski, Jacek
_eAutor
700 1 _aWierzbicki, Andrzej Piotr
_d(1937- )
_eAutor
710 2 _aPaństwowe Wydawnictwo Naukowe
_4pbl
830 0 _aBNI Biblioteka Naukowa Inżyniera
856 _uhttps://koha.tu.koszalin.pl/cgi-bin/koha/opac-detail.pl?biblionumber=19703
_yKatalog online BPK
942 _2UKD
_cKS
999 _c19703
_d19703